Choose The Correct City - Statistics

General Stats
  • This quiz has been taken 78 times
  • The average score is 7 of 10
Answer Stats
Question Answer % Correct
Choose: Paris
100%
Choose: Sydney
100%
Choose: New York City
92%
Choose: Kuala Lumpur
83%
Choose: New Delhi
75%
Choose: Jakarta
67%
Choose: Abu Dhabi
58%
Choose: Seattle
50%
Choose: Manama
33%
Choose: Buenos Aires
25%
No matching quizzes found
Score Distribution
Percent of People with Each Score
Percentile by Number Answered
Your Score History
You have not taken this quiz